| 000 | 00875nam a2200265 a 4500 | ||
|---|---|---|---|
| 001 | 000036042 | ||
| 003 | DO-SdBNP | ||
| 005 | 20220325103647.0 | ||
| 007 | ta | ||
| 008 | 111124s2006 dr ac 001 0dspa d | ||
| 020 | _a9945160184 | ||
| 040 |
_aDO-SdBNP _bspa _cBNPHU |
||
| 082 | 4 |
_a920 _bB248f _222 |
|
| 100 | 1 |
_aBaret, Víctor _935108 |
|
| 245 | 1 | 3 |
_aEl final de los grandes / _cVíctor Baret ; prefacio José M. Martiz Mendoza. |
| 260 |
_aSanto Domingo : _bBúho, _c2006. |
||
| 300 |
_a397 p. : _bil., retrs. ; _c23 cm. |
||
| 500 | _aIncluye datos biográficos del autor en la solapa de la cubierta. | ||
| 504 | _aBibliografía : p. 393-397. | ||
| 650 | 4 |
_aHistoria _xBiografías _955164 |
|
| 651 | 4 |
_aRepública Dominicana _xBiografías _91325 |
|
| 700 | 1 | 2 |
_aMartiz Mendoza, José M., _epref. _955165 |
| 910 | _aValidado. Control de calidad EMS | ||
| 942 |
_2ddc _cLBS1 |
||
| 999 |
_c35533 _d35533 |
||